000 00769nam a2200181Ia 4500
008 090124s9999 xx 000 0 und d
082 _b23226
_a1451
100 _aदेशमुख श्रीकृष्ण द.
245 _a प्रश्र्नोपनिषद् (सार्थ ओवीबध्द टीका)
250 _a1
260 _c1981
300 _a88
600 _aदेशमुख श्रीकृष्ण द.
630 _a प्रश्र्नोपनिषद् (सार्थ ओवीबध्द टीका)
700 _aदेशमुख श्रीकृष्ण द.
730 _a प्रश्र्नोपनिषद् (सार्थ ओवीबध्द टीका)
942 _cBOOK
999 _c136836
_d136836